Zkušenosti českých regionů z čerpání prostředků ze strukturálních fondů EU
Regionálna politika Európskej únie. Cieľové územia štrukturálnej politiky. Skúmanie absorpčných kapacít v českých regiónoch. Rozloženie projektových zámerov podľa NUTS II. Skúsenosti českých regiónov z čerpania prostriedkov zo štrukturálnych fondov EÚ.
Gespeichert in:
| 1. Verfasser: | |
|---|---|
| Weitere Verfasser: | |
| Format: | Buchkapitel |
| Sprache: | Tschechisch |
| Schlagworte: | |
| Tags: |
Keine Tags, Fügen Sie das erste Tag hinzu!
|
MARC
| LEADER | 00000naa$a2200000$$$4500 | ||
|---|---|---|---|
| 001 | 0038907 | ||
| 005 | 20231107071142.5 | ||
| 041 | 0 | |a cze | |
| 044 | |a CZ | ||
| 245 | 1 | 0 | |a Zkušenosti českých regionů z čerpání prostředků ze strukturálních fondů EU |c Jan Stejskal, Miloš Charbuský |
| 520 | |a Regionálna politika Európskej únie. Cieľové územia štrukturálnej politiky. Skúmanie absorpčných kapacít v českých regiónoch. Rozloženie projektových zámerov podľa NUTS II. Skúsenosti českých regiónov z čerpania prostriedkov zo štrukturálnych fondov EÚ. | ||
| 610 | 2 | 0 | |a politika regionálna |
| 610 | 2 | 0 | |a politika štruktúrna |
| 610 | 2 | 0 | |a regióny |
| 610 | 2 | 0 | |a fondy štruktúrne |
| 610 | 2 | 0 | |a Česko |
| 610 | 2 | 0 | |a projekty |
| 610 | 2 | 0 | |a vyrovnávanie rozdielov územných |
| 610 | 2 | 0 | |a Európska únia |
| 100 | 1 | |a Stejskal, Jan | |
| 700 | 1 | |a Charbuský, Miloš | |